| 000 -LEADER |
| fixed length control field |
00998nam a2200241Ia 4500 |
| 001 - CONTROL NUMBER |
| control field |
735 |
| 003 - CONTROL NUMBER IDENTIFIER |
| control field |
GE_BSU |
| 008 - FIXED-LENGTH DATA ELEMENTS--GENERAL INFORMATION |
| fixed length control field |
181216s||||||||xx |||||||||||||| ||und|| |
| 020 ## - INTERNATIONAL STANDARD BOOK NUMBER |
| International Standard Book Number |
9994038980 |
| 040 ## - CATALOGING SOURCE |
| Transcribing agency |
GE_BSU |
| 080 ## - UNIVERSAL DECIMAL CLASSIFICATION NUMBER |
| Universal Decimal Classification number |
94(7/8) |
| 245 ## - TITLE STATEMENT |
| Title |
რონალდ რეიგანი და 1980-იანი წლების ამერიკა. |
| 245 ## - TITLE STATEMENT |
| Remainder of title |
ივ. ჯავახიშვილის სახ. თბილისი სახ. უნ-ტი. ამერიკის შესწავლის საქ-ს ასოციაცია. |
| 260 ## - PUBLICATION, DISTRIBUTION, ETC. |
| Place of publication, distribution, etc. |
თბილისი |
| 260 ## - PUBLICATION, DISTRIBUTION, ETC. |
| Name of publisher, distributor, etc. |
თბილისის უნ-ტის |
| 260 ## - PUBLICATION, DISTRIBUTION, ETC. |
| Date of publication, distribution, etc. |
2005 |
| 300 ## - PHYSICAL DESCRIPTION |
| Extent |
201 გვ. |
| 653 ## - INDEX TERM--UNCONTROLLED |
| Uncontrolled term |
აშშ-ს ისტორია, XX ს.; |
| 653 ## - INDEX TERM--UNCONTROLLED |
| Uncontrolled term |
აშშ-ს პრეზიდენტები; |
| 653 ## - INDEX TERM--UNCONTROLLED |
| Uncontrolled term |
რონალდ რეიგანი და 1980-იანი წლების ამერიკა. |
| 942 ## - ADDED ENTRY ELEMENTS (KOHA) |
| Koha item type |
წიგნი |